000 00686nam a2200253Ia 4500
001 17288
005 20240113235754.0
007 ta
008 051229s1928 g b000 u 465 u
040 _aCotton College Assam
041 _a465
082 _a320.9
_bC 36 Un
100 _aChance, Roger .
245 0 _aUntil Philophers are Kings /
_cRoger Chance.
_hTextual Documents
250 _a1st ed. /
260 _aLondon :
_bUniversity of London Press ,
_c1928.
300 _axv,293p. ;
_c23cm.
504 _aIndex
653 _aPolitical theories-Plato & Aristotle
653 _aG-Political Science
942 _2ddc
_cBK
999 _c17270
_d17270